Конституционное право России Учебный курс. Учебное пособие
Збережено в:
| Автор: | |
|---|---|
| Формат: | Учебное пособие |
| Редагування: | 4 |
| Онлайн доступ: | https://znanium.com/catalog/document?id=30586 https://znanium.com/cover/0221/221760.jpg |
| Теги: |
Додати тег
Немає тегів, Будьте першим, хто поставить тег для цього запису!
|
| LEADER | 01963nam0a2200361 i 4500 | ||
|---|---|---|---|
| 001 | RU\infra-m\znanium\bibl\221760 | ||
| 003 | https://znanium.com/catalog/document?id=30586 | ||
| 005 | 20240731000000.0 | ||
| 010 | |a 978-5-91768-095-8 | ||
| 010 | |a 978-5-16-004156-1 |b ISBN соиздателя | ||
| 100 | |a 20240731d2011 m y0rusy0150 ca | ||
| 101 | 0 | |a rus | |
| 102 | |a RU | ||
| 200 | 1 | |a Конституционное право России |e Учебный курс. Учебное пособие |e Учебное пособие |f Московский государственный университет им. М.В. Ломоносова, юридический факультет | |
| 205 | |a 4 |b перераб. и доп. | ||
| 210 | 1 | |a Москва |c ООО "Юридическое издательство Норма" |d 2010 | |
| 215 | |a 928 с. | ||
| 333 | |a ВО - Бакалавриат | ||
| 606 | |a Право. Юридические науки |x Конституционное (государственное) право |2 local | ||
| 608 | |a Учебное пособие |2 local | ||
| 675 | |a 342(470+571)(075.8) |z rus | ||
| 686 | |a 67.400(2Рос)я73 |2 rubbk | ||
| 686 | |a 38.03.04 |2 okso | ||
| 686 | |a 40.03.01 |2 okso | ||
| 686 | |a 40.04.01 |2 okso | ||
| 686 | |a 40.05.01 |2 okso | ||
| 686 | |a 40.05.02 |2 okso | ||
| 686 | |a 40.05.03 |2 okso | ||
| 686 | |a 40.05.04 |2 okso | ||
| 700 | 1 | |a Авакьян |b С.А. |g Сурен Адибекович |p Московский государственный университет им. М.В. Ломоносова, юридический факультет | |
| 801 | 0 | |a RU |b Общество с ограниченной ответственностью «ЗНАНИУМ» |c 20100301 |2 rusmarc | |
| 856 | 4 | |a znanium.com |m ebs_support@infra-m.ru |n НИЦ ИНФРА-М |u https://znanium.com/catalog/document?id=30586 | |
| 856 | 4 | 1 | |a znanium.com |d /cover/0221 |f 221760.jpg |q image/jpeg |u https://znanium.com/cover/0221/221760.jpg |